Вып. 4 (45); Электронная техника. Сер. 5 : Радиодетали и радиокомпоненты

التفاصيل البيبلوغرافية
Parent link:Электронная техника. Сер. 5 : Радиодетали и радиокомпоненты: научно-технический сборник. Вып. 4 (45).— , 1974-1992
اللغة:الروسية
منشور في: 1981
التنسيق: MixedMaterials كتاب
KOHA link:https://koha.lib.tpu.ru/cgi-bin/koha/opac-detail.pl?biblionumber=541383

MARC

LEADER 00000nam2a2200000 4500
001 541383
005 20231101114804.0
035 |a (RuTPU)RU\TPU\prd\231637 
035 |a RU\TPU\prd\231633 
090 |a 541383 
100 |a 20150219b1981 k y0rusy50 ca 
101 0 |a rus 
102 |a RU 
200 0 |a Вып. 4 (45) 
210 |d 1981 
461 1 |0 (RuTPU)RU\TPU\prd\1154  |t Электронная техника. Сер. 5 : Радиодетали и радиокомпоненты  |o научно-технический сборник  |v Вып. 4 (45)  |d 1974-1992 
801 0 |a RU  |b 63413507  |c 20010227  |g PSBO 
801 1 |a RU  |b 63413507  |c 20130129 
801 2 |a RU  |b 63413507  |c 20180413  |g RCR 
942 |c BK 
999 |a НТБ_ТПУ  |b НФ  |e -4/20150112  |p П-7604  |u 0,00  |v 1